| 000 | 00413nam a22001697a 4500 | ||
|---|---|---|---|
| 003 | macl | ||
| 005 | 20150624153418.0 | ||
| 008 | 150624b xxu||||| |||| 00| 0 eng d | ||
| 040 | _cmacl | ||
| 041 | _aenglish | ||
| 082 | _a001 | ||
| 100 |
_a30 practice sets ssc _9306 |
||
| 245 | _a30 practice sets ssc | ||
| 260 |
_anew delhi _bKumar Purnendu _c2014 |
||
| 600 |
_a30 practice sets ssc _9307 |
||
| 942 |
_2ddc _cBK |
||
| 999 |
_c49907 _d49907 |
||